Novelas Inquérito (Record no. 43505)
[ view plain ]
| 000 -Etiqueta do registo | |
|---|---|
| Valores | 00673nam a2200205 4500 |
| 100 ## - Dados gerais de processamento | |
| Dados gerais | 20240905 pory50 |
| 101 ## - Língua de publicação | |
| Língua | por |
| 102 ## - País de publicação | |
| País | PT |
| 200 ## - Titulo e menção de responsabilidade | |
| Título próprio | Novelas Inquérito |
| Primeira menção de responsabilidade | Ivan Turguenef ... [et al.] |
| 210 ## - Publicação | |
| Local de publicação | Lisboa |
| Nome do editor | Editorial Inquérito |
| Data de publicação | [19--?] |
| 215 ## - Descrição física | |
| Paginação / Volumes | v. |
| 225 ## - Colecção | |
| Título próprio da colecção | Novelas Inquérito |
| Informação de outro título | As melhores novelas dos melhores novelistas |
| Indicação de volume | 6, 7 , 8 , 9 , 10 |
| 327 ## - Nota de conteúdo | |
| Texto da nota | Vol. contêm: Sinaida de Ivan Turguenef (2.º v.) ; Feliz idade por Sigrid Undset ; O Homem que quis ser rei por Rudyard Kipling ; |
| 675 ## - CDU | |
| Notação | 821.161.1-32 |
| 675 ## - CDU | |
| Notação | 821.113.5-32 |
| 675 ## - CDU | |
| Notação | 821.111-32 |
| 801 ## - Fonte de origem | |
| País | PT |
| Regras de catalogação | RPC |
| 990 ## - Elementos KOHA | |
| Tipo de documento | Livro |
| Aquisição | Empréstimo | Código de barras | Cota | Permissão de empréstimo | Tipo de documento | Nota relativa ao exemplar |
|---|---|---|---|---|---|---|
| Biblioteca Municipal de Redondo | Biblioteca Municipal de Redondo | 051201 | 82-3 NOV | Livro | Novelas inquérito n.º 6 a 10. Depósito. |